Navigation Environment of Ancient and Mediaeval Ports of Tamilaham / (Record no. 1489)

000 -LEADER
fixed length control field 00697nam a2200229 a 4500
008 - FIXED-LENGTH DATA ELEMENTS--GENERAL INFORMATION
fixed length control field 200106t2008 ii b|||g |||| 001 0 eng d
020 ## - INTERNATIONAL STANDARD BOOK NUMBER
International Standard Book Number 9788187966784
Terms of availability Rs.460.00
040 ## - CATALOGING SOURCE
Original cataloging agency IMU Kochi Library
Language of cataloging eng
041 0# - LANGUAGE CODE
Language code of text/sound track or separate title eng
044 ## - COUNTRY OF PUBLISHING/PRODUCING ENTITY CODE
MARC country code India
082 04 - DEWEY DECIMAL CLASSIFICATION NUMBER
Edition number 23
Classification number 387.1095482
Item number Ar84
100 1# - MAIN ENTRY--PERSONAL NAME
Personal name Arunachalam, B.
245 10 - TITLE STATEMENT
Title Navigation Environment of Ancient and Mediaeval Ports of Tamilaham /
260 ## - PUBLICATION, DISTRIBUTION, ETC. (IMPRINT)
Place of publication, distribution, etc New Delhi :
Name of publisher, distributor, etc KW Publishers Pvt. Ltd.
Date of publication, distribution, etc 2008.
300 ## - PHYSICAL DESCRIPTION
Extent xiv , 108 p. :
Other physical details maps. ;
Dimensions 25 cm
504 ## - BIBLIOGRAPHY, ETC. NOTE
Bibliography, etc Includes Index.
650 #0 - SUBJECT ADDED ENTRY--TOPICAL TERM
Topical term or geographic name as entry element Harbors
Form subdivision Textbooks
700 ## - ADDED ENTRY--PERSONAL NAME
Personal name Sukumar, B.
Relator term Joint Author
700 ## - ADDED ENTRY--PERSONAL NAME
Personal name Sukumar, Ahalya
Relator term Joint Author
852 ## - LOCATION/CALL NUMBER
Location IMU Kochi Library
942 ## - ADDED ENTRY ELEMENTS (KOHA)
Item type Books
Holdings
Withdrawn status Lost status Source of classification or shelving scheme Damaged status Not for loan Collection code Permanent location Current location Shelving location Date acquired Source of acquisition Cost, normal purchase price Full call number Barcode Date last seen Koha item type Public note
          Non-fiction IMU Kochi Library IMU Kochi Library Fiction & General 2012-11-15 M/s Unique Book Store (Inv. No.2012/321 Dt 2012-11-12) 460.00 387.1095482 Ar84 BK002185 2020-01-06 Books Shelf-18, Row-3


Copyright © All Rights Reserved by Indian Maritime University, Kochi Campus.
For any Suggestions/Query Contact to library or Email: library.kochi@imu.ac.in Ph:(0484)-2989402
(Web OPAC Designed by Rudra Ranjan. Maintained by IMU Kochi Library)

Powered by Koha